000 00517nam a2200157 a 4500
001 000029103
005 20200930055332.0
008 110413s2000 dr 000 0 spa d
040 _aDO-SdBNP
_bspa
_cBNPHU
082 _axxxx
_bP831e
100 1 _aGarcía Fermín, Franklín
_956009
245 1 0 _aPopulismo vs. educación superior pública /
_cFranklín García Fermín.
260 _a[Santo Domingo] :
_bImpresos y publicidad,
_c2000.
500 _aIncluye referencias bibliográficas de las páginas
049 _aBNPD
999 _c28595
_d28595